000 00511nam a2200181Ia 4500
001 696
005 20260306140536.0
008 260306t2010||||xx |||||||||||||| ||spa||
041 _aESP
082 _a142.3
_bK21
100 _aKant, Immanuel
_eAUT
245 0 _aCrítica de la razón pura; Prolegómenos a toda metafísica futura; Relato de la vida y el carácter de Immanuel Kant
260 _c2010
300 _acxxvii, 882 páginas :
_c24 cm
650 _aGEN
654 _aCHU
942 _cLIB
_dJUS
_fJUS
_2ddc
_n
999 _c696
_d696